Normal view
MARC view
Entry Personal Name
001 - CONTROL NUMBER
- control field: 5551
003 - CONTROL NUMBER IDENTIFIER
- control field: OSt
005 - DATE AND TIME OF LATEST TRANSACTION
- control field: 20110902170822.0
008 - FIXED-LENGTH DATA ELEMENTS
- fixed length control field: 110902|||a|||||| | ||| d
040 ## - CATALOGING SOURCE
- Original cataloging agency: OSt
- Transcribing agency: OSt
100 ## - HEADING--PERSONAL NAME
- Personal name: Sarwar, Muhammad,
- Titles and other words associated with a name: Shaikh.
670 ## - SOURCE DATA FOUND
- Source citation: Work cat.: (OSt)4718: The holy Quran : Arabic text and English translation /, 2009
